| 000 | 00705nam a2200205 i 4500 | ||
|---|---|---|---|
| 001 | 78426 | ||
| 003 | ES-MaACL | ||
| 005 | 20231218204913.0 | ||
| 007 | t| | ||
| 008 | 041014s1925 sp |||| | spa d | ||
| 100 | 1 |
_aHauptmann, Gerhart. _962099 |
|
| 245 | 1 | 3 |
_aLa prodigiosa isla de las damas _b: historia de un archipiélago imaginario / _cGerhart Hauptmann ; traducción del alemán por Margarita Nelken. |
| 260 |
_aMadrid : _b[s.n., _c1925] ( _fTip. Artística) |
||
| 300 |
_a355 p. ; _c18 cm. |
||
| 490 | 1 | _aRevista de Occidente | |
| 700 | 1 |
_aNelken, Margarita, _d1894-1968 _985355 |
|
| 830 | 0 |
_aRevista de Occidente _9171942 |
|
| 852 |
_aES-MaACL _jF-13300 |
||
| 999 |
_c78426 _d78426 |
||